Top 15 des pays avec les décès de Covid-19 - 29 juillet - Statistiques

Statistiques générales
  • Ce quiz a été pris 46 fois
  • Le résultat moyen est 12 sur 20
Statistiques - réponses
pays % Correct
Italie
98%
France
95%
Etats-Unis
90%
Allemagne
85%
Espagne
85%
Brésil
83%
Russie
83%
Mexique
76%
Royaume-Uni
73%
Inde
68%
Belgique
51%
Pays-Bas
46%
Colombie
37%
Irlande
37%
Chili
34%
Suède
34%
Iran
32%
Pérou
27%
Équateur
15%
Panama
7%
Aucun quiz correspondant
Distribution des résultats
% des personnes avec chaque résultat
Percentile par nombre de réponses
Votre historique - résultats
Vous n’avez pas pris ce quiz